000 00457nam a22001817a 4500
005 20180710104520.0
008 160524b xxu||||| |||| 00| 0 eng d
020 _a81-203-1274-0
041 _aeng
082 _b4749
_a658.15
100 _aBrealey, richard A & Others
_91182
245 _aPrinciples of Corporate Finance
250 _a8th ed.
260 _aNew Delhi
_bAcademic Faundation
300 _a999p,
650 _aManagement
_9241
942 _cBK
999 _c1609
_d1608